00666nam a2200205 a 4500001001300000003000900013005001700022008004100039020002300080082002100103100002700124245003800151260004000189300000900229500003500238505011300273650002400386650002300410700002700433nice12345678IN_TiNIC20260116013245.0050524s1994 newa grp 000 0 eng  a8125021 c18000a306.0899145bLEO aLeonard, Karen Isakeen aSocial History of an Indian Caste aNew Delhi bOrient Blackswan c1994 a353p aincludes index and biblioraphy2 athe primary purpose of this book, says, the author,is to enable non-muslims to understand islam more easily. aCaste-India-Kayasth aHyderabad-Kayasths1 aLeonard, Karen Isakeen